000 00544nam a22001697a 4500
003 OSt
005 20240930102605.0
008 240830s2022 ag ||||| |||| 00| p spa d
040 _cbesoc
100 1 0 _aRoberts, Cintia
_eautor
245 1 0 _aTe veo, ¿me ves? /
_cCintia Roberts, María Belén Campero, Sabina Schürmann
260 _aBuenos Aires :
_bOjoreja,
_c2022
650 4 _aLiteratura Argentina
_vPoesía
_ySiglo XXI
_xColección infantil y juvenil
700 1 _aCampero, María Belén
700 1 _aSchürmann, Sabina
942 _2udc
_cOG
_n0
999 _c310
_d310